000 00324nam a22001457a 4500
008 230718b ||||| |||| 00| 0 eng d
020 _a9780030526596
041 _aeng
080 _a51
082 _a51ZOR
100 _a23
101 _aMATEM
245 _aCALCULUS FROM GRAPHICAL NUMERICAL
_cZORN . P
942 _2udc
_cBK
999 _c60151
_d60151